[Event "Caribean-chT Blitz 24th"]
[Site "San Salvador"]
[Date "2023.07.06"]
[Round "3.2"]
[White "Fuentes Godoy, Lilia Ivonne"]
[Black "Castillo Beitia, Ashley Alexandra"]
[Result "1-0"]
[WhiteElo "2005"]
[BlackElo "1651"]
[PlyCount "59"]
[EventDate "2023.07.06"]
[EventType "tourn (blitz)"]
[EventRounds "15"]
[EventCountry "ESA"]
[SourceTitle "CBM 215 Extra"]
[Source "ChessBase"]
[SourceDate "2023.09.30"]
[SourceVersion "1"]
[SourceVersionDate "2023.09.30"]
[SourceQuality "1"]
[WhiteTeam "Mexico"]
[BlackTeam "Panama"]
[WhiteTeamCountry "MEX"]
[BlackTeamCountry "PAN"]

1. d4 d5 2. c4 c6 3. cxd5 cxd5 4. Bf4 Nf6 5. e3 Nc6 6. Nc3 a6 7. Bd3 e6 8. h3 Bd6 9. Bxd6 Qxd6 10. f4 b5 11. Nf3 Nd7 12. Rc1 Bb7 13. 0-0 h6 14. Ne5 Rc8 15. Qh5 0-0 16. Qf3 f6 17. Ng6 Rfe8 18. Rcd1 Nf8 19. Qg3 Ne7 20. Nxf8 Kxf8 21. Kh2 b4 22. Na4 a5 23. Nc5 Ba8 24. Qg4 Nc6 25. Bb5 Qe7 26. h4 Qf7 27. h5 Re7 28. Rc1 Nd8 29. Nd7+ Rxd7 30. Rxc8 1-0

[Event "Caribean-chT Blitz 24th"]
[Site "San Salvador"]
[Date "2023.07.06"]
[Round "5.2"]
[White "Mejia, Camila"]
[Black "Castillo Beitia, Ashley Alexandra"]
[Result "1/2-1/2"]
[WhiteElo "1257"]
[BlackElo "1651"]
[PlyCount "122"]
[EventDate "2023.07.06"]
[EventType "tourn (blitz)"]
[EventRounds "15"]
[EventCountry "ESA"]
[SourceTitle "CBM 215 Extra"]
[Source "ChessBase"]
[SourceDate "2023.09.30"]
[SourceVersion "1"]
[SourceVersionDate "2023.09.30"]
[SourceQuality "1"]
[WhiteTeam "Honduras"]
[BlackTeam "Panama"]
[WhiteTeamCountry "HON"]
[BlackTeamCountry "PAN"]

1. e4 c5 2. Nf3 d6 3. c3 d5 4. exd5 Qxd5 5. d4 Nc6 6. Be3 Bf5 7. Be2 e6 8. 0-0 cxd4 9. Bxd4 Rd8 10. Nbd2 e5 11. Be3 Nf6 12. Bg5 Be7 13. Bxf6 Bxf6 14. Re1 0-0 15. Bc4 Qd7 16. Bb3 Qc7 17. Bc2 Bxc2 18. Qxc2 Nd4 19. Nxd4 exd4 20. Ne4 Be5 21. g3 dxc3 22. Nxc3 Bxc3 23. Qxc3 Qxc3 24. bxc3 Rd3 25. Rac1 Rc8 26. Re7 Rb8 27. Rc7 g6 28. Re1 Rd2 29. Ree7 Rf8 30. Rxb7 Rxa2 31. Rxa7 Rc2 32. Rac7 Kg7 33. h4 Kf6 34. Kf1 Kf5 35. Rxf7+ Rxf7 36. Rxf7+ Ke4 37. Rxh7 Rxc3 38. Rg7 Kf3 39. Rf7+ Kg4 40. Rf4+ Kh5 41. Kg2 Rd3 42. Kh3 Kh6 43. Kg4 Rd5 44. Rf6 Kg7 45. Ra6 Rd4+ 46. f4 Rd5 47. Ra8 Rf5 48. Ra7+ Kh6 49. Ra8 Kg7 50. Ra7+ Kh6 51. Re7 Ra5 52. Re5 Ra6 53. f5 Ra4+ 54. Kh3 g5 55. hxg5+ Kxg5 56. Rc5 Ra1 57. Kg2 Ra2+ 58. Kf3 Ra3+ 59. Kg2 Ra2+ 60. Kf3 Ra3+ 61. Kg2 Ra2+ 1/2-1/2

[Event "Caribean-chT Rapid 24th"]
[Site "San Salvador"]
[Date "2023.07.04"]
[Round "7.2"]
[White "Johnson, Adaya"]
[Black "Castillo Beitia, Ashley Alexandra"]
[Result "0-1"]
[WhiteElo "1344"]
[BlackElo "1889"]
[PlyCount "36"]
[EventDate "2023.07.03"]
[EventType "tourn (rapid)"]
[EventRounds "15"]
[EventCountry "ESA"]
[SourceTitle "CBM 215 Extra"]
[Source "ChessBase"]
[SourceDate "2023.09.30"]
[SourceVersion "1"]
[SourceVersionDate "2023.09.30"]
[SourceQuality "1"]
[WhiteTeam "Trinidad and Tobago"]
[BlackTeam "Panama"]
[WhiteTeamCountry "TRI"]
[BlackTeamCountry "PAN"]

1. e4 c5 2. Nf3 d6 3. h3 Nf6 4. Nc3 Nc6 5. Bc4 g6 6. 0-0 Bg7 7. d3 0-0 8. Be3 a6 9. a4 e6 10. d4 cxd4 11. Nxd4 Qc7 12. Qe2 Nxe4 13. Nxc6 Nxc3 14. bxc3 Qxc6 15. Bd4 e5 16. Be3 d5 17. Bb3 d4 18. cxd4 exd4 0-1

[Event "Caribean-chT Rapid 24th"]
[Site "San Salvador"]
[Date "2023.07.03"]
[Round "2.2"]
[White "Castillo Beitia, Ashley Alexandra"]
[Black "Mejia, Camila"]
[Result "1-0"]
[WhiteElo "1889"]
[BlackElo "1249"]
[PlyCount "99"]
[EventDate "2023.07.03"]
[EventType "tourn (rapid)"]
[EventRounds "15"]
[EventCountry "ESA"]
[SourceTitle "CBM 215 Extra"]
[Source "ChessBase"]
[SourceDate "2023.09.30"]
[SourceVersion "1"]
[SourceVersionDate "2023.09.30"]
[SourceQuality "1"]
[WhiteTeam "Panama"]
[BlackTeam "Honduras"]
[WhiteTeamCountry "PAN"]
[BlackTeamCountry "HON"]

1. d4 d5 2. c4 dxc4 3. e4 e6 4. Bxc4 Bb4+ 5. Nc3 Ne7 6. Nge2 Nbc6 7. 0-0 Bxc3 8. bxc3 0-0 9. f4 f5 10. Ng3 fxe4 11. Nxe4 Nd5 12. Qc2 Nce7 13. Ng5 g6 14. Re1 Rf6 15. Ba3 c6 16. g3 b5 17. Bb3 a5 18. Re5 b4 19. cxb4 axb4 20. Bb2 Ra7 21. Rae1 h6 22. Nxe6 Bxe6 23. Rxe6 Rxe6 24. Rxe6 Qd7 25. Qe4 Kf7 26. Re5 h5 27. Bc1 Qd6 28. Bd2 Rd7 29. h3 Kf8 30. Re6 Qc7 31. Bxd5 cxd5 32. Qb1 Qc4 33. Qxb4 Qxa2 34. Rxg6 Qa1+ 35. Kg2 Kf7 36. Rg5 Qd1 37. Kf2 Qc2 38. Qc3 Qe4 39. Qe3 Qh7 40. Qe5 h4 41. g4 Qd3 42. Qg7+ Ke6 43. Qe5+ Kf7 44. Rg7+ Ke8 45. Rg8+ Kf7 46. Qg7+ Ke6 47. Qh6+ Kf7 48. Rg7+ Kf8 49. Qh8+ Ng8 50. Qxg8# 1-0

[Event "Central America-ch (Women) 24th"]
[Site "San Salvador"]
[Date "2023.01.21"]
[Round "8"]
[White "Castillo Beitia, Ashley Alexandra"]
[Black "Gonzalez Peguero, Mary Loly"]
[Result "1-0"]
[WhiteElo "1689"]
[BlackElo "1679"]
[PlyCount "83"]
[EventDate "2023.01.21"]
[EventType "swiss"]
[EventRounds "11"]
[EventCountry "ESA"]
[SourceTitle "CBM 212 Extra"]
[Source "ChessBase"]
[SourceDate "2023.03.31"]
[SourceVersion "1"]
[SourceVersionDate "2023.03.31"]
[SourceQuality "1"]

1. d4 Nf6 2. c4 g6 3. Nc3 Bg7 4. e4 d6 5. f3 c6 6. Be3 a6 7. Qd2 b5 8. Bh6 0-0 9. g4 e5 10. Bxg7 Kxg7 11. Nge2 Nbd7 12. 0-0-0 bxc4 13. Ng3 Rb8 14. h4 Qb6 15. d5 cxd5 16. Nxd5 Nxd5 17. exd5 Qb4 18. Qxb4 Rxb4 19. Ne4 Rb6 20. Bxc4 Bb7 21. Rh2 Rc8 22. Rc2 Nc5 23. a3 a5 24. Ba2 Ba6 25. Nxc5 Rxc5 26. Rxc5 dxc5 27. d6 Rb8 28. Rd5 Rd8 29. Rxe5 Rxd6 30. g5 Rc6 31. Re7 c4 32. Kc2 Kf8 33. Re4 Bb7 34. f4 Ba6 35. Kc3 Rc5 36. Bxc4 Bxc4 37. Rxc4 Rf5 38. b4 axb4+ 39. axb4 Ke7 40. Rd4 f6 41. Kc4 fxg5 42. fxg5 1-0

[Event "Central America-ch (Women) 24th"]
[Site "San Salvador"]
[Date "2023.01.21"]
[Round "7"]
[White "Kaslan, Catherine"]
[Black "Castillo Beitia, Ashley Alexandra"]
[Result "0-1"]
[WhiteElo "1856"]
[BlackElo "1689"]
[PlyCount "112"]
[EventDate "2023.01.21"]
[EventType "swiss"]
[EventRounds "11"]
[EventCountry "ESA"]
[SourceTitle "CBM 212 Extra"]
[Source "ChessBase"]
[SourceDate "2023.03.31"]
[SourceVersion "1"]
[SourceVersionDate "2023.03.31"]
[SourceQuality "1"]

1. e4 c5 2. Nf3 Nc6 3. d4 cxd4 4. Nxd4 d6 5. Nc3 Nf6 6. f3 g6 7. Be3 Bg7 8. Qd2 0-0 9. g4 Be6 10. h4 Qc8 11. 0-0-0 Nd7 12. Nxe6 fxe6 13. Bc4 Nde5 14. Be2 Nxf3 15. Bxf3 Rxf3 16. h5 Ne5 17. Bd4 Qf8 18. hxg6 Nxg6 19. Qh2 Qf4+ 20. Qxf4 Rxf4 21. Bxg7 Kxg7 22. Rdg1 Raf8 23. b3 a6 24. Kb2 Ne5 25. Rh5 R8f6 26. g5 Rf7 27. Rgh1 Kg8 28. Rh6 Rg7 29. Rxe6 Rg4 30. Nd5 Rxe4 31. Rxe7 Nd3+ 32. cxd3 Rexe7 33. Nxe7+ Rxe7 34. Kc3 Re6 35. Rh6 Rxh6 36. gxh6 Kf7 37. Kd4 Kg6 38. Kd5 Kxh6 39. Kxd6 Kg6 40. Kc7 Kf5 41. Kxb7 h5 42. Kxa6 h4 43. a4 h3 44. b4 h2 45. a5 h1Q 46. b5 Qa8+ 47. Kb6 Ke6 48. a6 Kd7 49. a7 Kc8 50. Kc5 Qxa7+ 51. b6 Qd7 52. d4 Kb7 53. d5 Qd8 54. d6 Qxb6+ 55. Kd5 Kc8 56. Ke6 Kd8 0-1

[Event "World ol U16"]
[Site "Nakhchivan"]
[Date "2022.10.08"]
[Round "7.12"]
[White "Castillo Beitia, Ashley Alexandra"]
[Black "Meise, Keagen"]
[Result "0-1"]
[WhiteElo "1674"]
[BlackElo "1362"]
[PlyCount "82"]
[EventDate "2022.10.02"]
[EventType "team-swiss"]
[EventRounds "9"]
[EventCountry "AZE"]
[SourceTitle "CBM 210 Extra"]
[Source "ChessBase"]
[SourceDate "2022.11.30"]
[SourceVersion "1"]
[SourceVersionDate "2022.11.30"]
[SourceQuality "1"]
[WhiteTeam "Panama"]
[BlackTeam "South Africa"]
[WhiteTeamCountry "PAN"]
[BlackTeamCountry "RSA"]

1. d4 d5 2. c4 c6 3. Nf3 Nf6 4. Nc3 dxc4 5. e4 b5 6. Be2 e6 7. 0-0 Bb7 8. b3 Bb4 9. e5 Bxc3 10. exf6 gxf6 11. Rb1 0-0 12. Bh6 Re8 13. bxc4 b4 14. Qd3 Kh8 15. Rfd1 Rg8 16. Rdc1 Qe7 17. Bd2 Bxd2 18. Nxd2 c5 19. Bf3 Nc6 20. dxc5 Ne5 21. Qe3 Rad8 22. Be4 Rxd2 23. c6 Bxc6 24. Bxc6 Rxa2 25. Bf3 Ra3 26. Rb3 Nxf3+ 27. Qxf3 Rxb3 28. Qxb3 Qc5 29. Qf3 Kg7 30. h4 Rd8 31. Qg3+ Kf8 32. Qf4 Ke7 33. Qe4 h5 34. Qb7+ Rd7 35. Qf3 a5 36. g4 hxg4 37. Qxg4 Rd4 38. Qg2 Rxh4 39. Qb7+ Kf8 40. Qb8+ Kg7 41. Qg3+ Qg5 0-1

[Event "World ol U16"]
[Site "Nakhchivan"]
[Date "2022.10.05"]
[Round "4.12"]
[White "Castillo Beitia, Ashley Alexandra"]
[Black "Manon, Reja Neer"]
[Result "0-1"]
[WhiteElo "1674"]
[BlackElo "2107"]
[PlyCount "92"]
[EventDate "2022.10.02"]
[EventType "team-swiss"]
[EventRounds "9"]
[EventCountry "AZE"]
[SourceTitle "CBM 210 Extra"]
[Source "ChessBase"]
[SourceDate "2022.11.30"]
[SourceVersion "1"]
[SourceVersionDate "2022.11.30"]
[SourceQuality "1"]
[WhiteTeam "Panama"]
[BlackTeam "Bangladesh"]
[WhiteTeamCountry "PAN"]
[BlackTeamCountry "BAN"]

1. d4 Nf6 2. c4 g6 3. Nc3 Bg7 4. e4 d6 5. f3 0-0 6. Be3 e5 7. d5 c6 8. Qd2 cxd5 9. cxd5 a6 10. g4 h5 11. h3 Nbd7 12. Bd3 Nh7 13. gxh5 Qh4+ 14. Bf2 Qxh5 15. 0-0-0 Bh6 16. Be3 Bxe3 17. Qxe3 Qh4 18. Nge2 b5 19. a3 Rb8 20. b4 Nb6 21. Kb2 Bd7 22. Kb3 Rfc8 23. Rdf1 a5 24. f4 Nc4 25. Qc1 Nf6 26. Rf3 Qh5 27. Rg3 exf4 28. Nxf4 Qe5 29. Nfe2 axb4 30. axb4 Ra8 31. Rg5 Ra3+ 32. Qxa3 Qxg5 33. Bxc4 bxc4+ 34. Kc2 Qe3 35. Qc1 Qd3+ 36. Kb2 Rb8 37. Ka3 Nxe4 38. Rd1 Nf2 39. Rxd3 Ra8+ 40. Kb2 Nxd3+ 41. Kc2 Nxc1 42. Kxc1 Rb8 43. Na2 Bxh3 44. Kb2 g5 45. Kc3 Bd7 46. Nd4 g4 0-1

[Event "Olympiad Women-44"]
[Site "Chennai"]
[Date "2022.08.09"]
[Round "11.4"]
[White "Castillo Beitia, Ashley Alexandra"]
[Black "Shih, Ching An"]
[Result "1-0"]
[WhiteElo "1587"]
[BlackElo "1582"]
[PlyCount "81"]
[EventDate "2022.07.29"]
[EventType "team-swiss"]
[EventRounds "11"]
[EventCountry "IND"]
[SourceTitle "CBM 210"]
[Source "ChessBase"]
[SourceDate "2022.10.31"]
[SourceVersion "1"]
[SourceVersionDate "2022.10.31"]
[SourceQuality "1"]
[WhiteTeam "Panama (W)"]
[BlackTeam "Chinese Taipei (W)"]
[WhiteTeamCountry "PAN"]
[BlackTeamCountry "TPE"]

1. d4 g6 2. c4 Bg7 3. Nc3 d6 4. e4 Nd7 5. Be3 e5 6. d5 Ne7 7. Bd3 0-0 8. Qd2 f5 9. f3 Nf6 10. Nge2 a6 11. 0-0-0 f4 12. Bf2 Bd7 13. g3 Nh5 14. g4 Nf6 15. c5 Nc8 16. Bc4 Kh8 17. Kb1 b5 18. cxb6 cxb6 19. a3 b5 20. Bd3 Rf7 21. Rc1 Be8 22. Rc2 Rb7 23. Na2 a5 24. Rhc1 Bd7 25. b4 Ne8 26. bxa5 b4 27. a6 Rc7 28. Nxb4 Rxc2 29. Qxc2 Qa5 30. Qb3 Rb8 31. Ka2 Ba4 32. Qc3 Ne7 33. a7 Rd8 34. Ba6 Nxd5 35. exd5 e4 36. Bd4 exf3 37. Nxf4 Nf6 38. Bxf6 Re8 39. Bxg7+ Kg8 40. Ne6 f2 41. Bf8 1-0